Bubbles in the european stock market

Bubliny na akciových trhoch a ich ukazovatele. Pozitíva bublín na akciových trhoch. Analýza Bull Trendu (býčí trh) a bublín na európskom akciovom trhu. Komparácia akciových trhov ESTX 50 a DJIA 1997-2014.

Na minha lista:
Detalhes bibliográficos
Autor principal: Chovancová, Božena
Outros Autores: Hudcovský, Jaroslav, Gvozdják, Vladimír
Formato: Capítulo de Livro
Idioma:inglês
Assuntos:
Tags: Adicionar Tag
Sem tags, seja o primeiro a adicionar uma tag!

MARC

LEADER 00000naa a2200000 4500
001 0199686
005 20240502073400.8
041 0 |a eng 
044 |a SK 
245 1 0 |a Bubbles in the european stock market  |c Božena Chovancová, Jaroslav Hudcovský, Vladimír Gvozdják 
520 |a Bubliny na akciových trhoch a ich ukazovatele. Pozitíva bublín na akciových trhoch. Analýza Bull Trendu (býčí trh) a bublín na európskom akciovom trhu. Komparácia akciových trhov ESTX 50 a DJIA 1997-2014. 
610 2 0 |a papiere cenné 
610 2 0 |a trh akciový 
610 2 0 |a bubliny finančné 
610 2 0 |a indexy akciové 
610 2 0 |a volatilita 
610 2 0 |a ukazovatele finančné 
100 1 |a Chovancová, Božena 
700 1 |a Hudcovský, Jaroslav 
700 1 |a Gvozdják, Vladimír